Statistics for Largest Border Cities

Click here to take the quiz!

General Stats

  • This quiz has been taken 68 times
  • The average score is 15 of 32

Answers on the Map

Answers color-coded by a green-red scale on the quiz's map according to % correct below.
 

Answer Stats

Bordering CountryCity% Correct
North KoreaSeoul
89%
Republic of the CongoKinshasa
85%
Vatican CityRome
75%
MexicoSan Diego
75%
Malaysia/IndonesiaSingapore
75%
United StatesVancouver
75%
United StatesTijuana
70%
Democratic Republic of the CongoBrazzaville
68%
CanadaDetroit
68%
MexicoEl Paso
62%
IndiaLahore
58%
PalestineTel Aviv
58%
Israel/EgyptGaza
51%
KazakhstanTashkent
49%
United StatesCiudad Juarez
43%
GhanaLome
43%
BahrainDammam
42%
ArgentinaAsuncion
36%
CanadaBuffalo
36%
Saudi ArabiaManama
34%
NetherlandsAntwerp
30%
IranBasra
28%
KazakhstanBishkek
28%
BelgiumLille
28%
TaiwanXiamen
28%
TurkeyYerevan
28%
GermanyZurich
28%
MexicoMcAllen
23%
CameroonN'Djamena
23%
United StatesMexicali
19%
Democratic Republic of the CongoBangui
15%
SingaporeBatam
15%

Score Distribution

Percentile by Number Answered

Percent of People with Each Score

Your Score History

You have not taken this quiz